Normal view
MARC view
- ChoudhuryA.K.H
Entry Personal Name
001 - CONTROL NUMBER
- control field: 168285
003 - CONTROL NUMBER IDENTIFIER
- control field: OSt
005 - DATE AND TIME OF LATEST TRANSACTION
- control field: 20230313130202.0
008 - FIXED-LENGTH DATA ELEMENTS
- fixed length control field: 230313|| aca||aabn | a|a d
040 ## - CATALOGING SOURCE
- Original cataloging agency: OSt
- Transcribing agency: OSt
100 ## - HEADING--PERSONAL NAME
- Personal name: ChoudhuryA.K.H
670 ## - SOURCE DATA FOUND
- Source citation: Work cat.: (OSt)128995: Choudhury S.K.H., Elements Of Workshop Technology , 2008